Načítá se...
Insan ki rah/
| Hlavní autor: | |
|---|---|
| Médium: | Printed Book |
| Vydáno: |
Jaipur:
Malik And Company,
1969.
|
| LEADER | 00349nam a22001097a 4500 | ||
|---|---|---|---|
| 100 | |a Sarnam Singh Sharma | ||
| 245 | |a Insan ki rah/ |c Sarnam Singh Sharma | ||
| 260 | |a Jaipur: |b Malik And Company, |c 1969. | ||
| 300 | |a 80p. | ||
| 942 | |2 ddc |c BK | ||
| 999 | |c 246371 |d 246371 | ||
| 952 | |0 0 |1 0 |4 0 |7 0 |9 273484 |a HIN |b HIN |c S-27 |d 2012-10-08 |i 4691 |l 0 |p HIN4691 |r 2014-02-07 |w 2014-02-07 |y BK | ||